000 00826nas a2200277 4500
001 BR0402370
003 BR-BrBNA
005 20231205104535.0
007 ta
008 230509b bl.|||p| |||| 00| 00por d
040 _aBR-BrBNA
_bpor
_cBiblioteca Nacional de Agricultura
041 _a(Pt)
072 _aL40; L52
100 1 _aSantos Júnior, S. dos
100 1 _aBarbosa, J.M.
245 1 _aEfeito do tamanho e da seleção mecânica das larvas de pacu (Piaractus mesopotamicus)na larvicultura
650 _aPACU
650 _aALEVINO
650 _aLARVA
650 _aSELEÇÃO GENÉTICA
650 _aTAMANHO
650 _aPERFORMANCE
773 0 _tBoletim Técnico do CEPTA (Brazil)
_xISSN 0103-1112
_g(2000), v. 13 p. 1-10
_wBR0402370
909 _a202311
_bLúcia
_c55
_dLúcia Elande
942 _2AGRIS
_n0
_cANA
999 _c178616
_d178616